| 000 | 00524nam a22001577a 4500 | ||
|---|---|---|---|
| 005 | 20231025115314.0 | ||
| 008 | 231025b |||||||| |||| 00| 0 eng d | ||
| 020 | _a9780409048384 | ||
| 082 | _a347.1 KRU | ||
| 100 |
_aKruger, A and Mostert, W _lEnglish |
||
| 245 |
_aTaxation of Costs in the Higher and Lower Courts : _bA Practical Guide / _cA Kruger and W Moster |
||
| 260 |
_aDurban : _bLexisNexis, _c2010 |
||
| 300 |
_bxxi, 158 pages ; _c25 cm. |
||
| 650 |
_aLegal practice _bLaw |
||
| 942 |
_cBK _6ALISON_BN_VRIES |
||
| 999 |
_c50 _d50 |
||